Актуальные проблемы сахарного диабета 2 типа методическое пособие для врачей
В данном методическом пособии представлены современные критерии лабораторнойи диагностики сахарногот диабета, классификация ВОЗ гипергликемий и различных вариантов диабета. Представлены диагностические критерии хронических осложнений данного заболевания, методы их диагностики и лечения. Подробно изл...
Guardado en:
| Autor principal: | |
|---|---|
| Otros Autores: | , |
| Formato: | Книга |
| Lenguaje: | Russian |
| Publicado: |
Караганда
КарГМУ
2012
|
| Acceso en línea: | https://e.lanbook.com/book/209222 https://e.lanbook.com/img/cover/book/209222.jpg |
| Etiquetas: |
Agregar Etiqueta
Sin Etiquetas, Sea el primero en etiquetar este registro!
|
| LEADER | 02091nam0a2200277 i 4500 | ||
|---|---|---|---|
| 001 | 209222 | ||
| 003 | RuSpLAN | ||
| 005 | 20221220174146.0 | ||
| 008 | 221220s2012 ru gs 000 0 rus | ||
| 040 | |a RuSpLAN | ||
| 041 | 0 | |a rus | |
| 044 | |a ru | ||
| 080 | |a 616.379-008.64(02) | ||
| 084 | |a 54.15я7 |2 rubbk | ||
| 245 | 0 | 0 | |a Актуальные проблемы сахарного диабета 2 типа |b методическое пособие для врачей |c Васильева Н. В.,Тургунова Л. Г.,Серикбаева А. А. |
| 260 | |a Караганда |b КарГМУ |c 2012 | ||
| 300 | |a 80 с. | ||
| 504 | |a Библиогр.: доступна в карточке книги, на сайте ЭБС Лань | ||
| 520 | 8 | |a В данном методическом пособии представлены современные критерии лабораторнойи диагностики сахарногот диабета, классификация ВОЗ гипергликемий и различных вариантов диабета. Представлены диагностические критерии хронических осложнений данного заболевания, методы их диагностики и лечения. Подробно изложены требования к компенсации сахарного диабета, как единственному возможному пути профилактики развития и прогрессирования сосудистых осложнений с помощью современных методов пероральной терапии и инсулинотерапии. | |
| 521 | 8 | |a Книга из коллекции КарГМУ - Медицина | |
| 100 | 1 | |a Васильева Н. В. | |
| 700 | 1 | |a Тургунова Л. Г. | |
| 700 | 1 | |a Серикбаева А. А. | |
| 856 | 4 | |u https://e.lanbook.com/book/209222 | |
| 856 | 4 | 8 | |u https://e.lanbook.com/img/cover/book/209222.jpg |
| 953 | |a https://e.lanbook.com/img/cover/book/209222.jpg | ||